000 01884nam a2200421 c 4500
001 57729
003 BLK
005 20240404093506.0
008 180408b bul|||||r ||||||| ||bul||
010 _aKNG00061737000
040 _aBLK
041 _aBUL
_cBUL
080 _aЮнско и Септемврийско антифашистко въстание (1923)
_b94(497.2)"1923"
_x(031)
_z94(497.2)"1923"(031)
080 _aЖената и политиката. Женско движение - Женски организации. Международен ден на жената. Участие на жените в обществено-политическия живот
_b396.9
_x(497.2)(031)
_z396.9(497.2)(031)
100 1 _aТрифонов, Димитър
_eпърви автор
_gЯнков, Димитър Трифонов
_9369213
139 _aТрифонов, Димитър
_bТ 84
245 1 0 _aЖените в Септемврийското въстание
_bЕнцикл. справ.
_cДимитър Трифонов.
257 _aBGR
260 _bПартиздат
_c1988
300 _a239 с.
_bс портр.
_c17 см
380 _a9
500 _aБиблиогр. с. 223-232
500 _aЗа Стефана Иванова Бакалова - с. 26-28.
504 _a223-232
650 4 _aЖени - България - участие в обществено-политическия живот
_9271811
650 4 _aЖенско движение - България - история
_9242723
653 _aжени
653 _aСептемврийско въстание 1923
653 _aучастници
852 _aЦб І 23967
856 4 _qpdf
856 4 _qpdf
942 _cKNG
_n0
944 _aCR
_c13.06.2004
_k30570
_lМоника Янева
944 _aED
_c27.01.2006
999 _c57729
_d57729
999 _d57729
999 _d57729